00946nam a2200229 a 4500001001000000003000500010005001700015008004100032010001100073011001100084040000900095100003200104245017700136260004100313500006000354502009900414650002400513650003700537650003000574700004200604856007000646000110896CHAP20220329144150.0141020s2014 mx sm |||||||spa d a107358 a108330 cCHAP1 aHernández Toscano, Jesdel10aDiseño conceptual de un arado de vertederas de cinco cuerpos reversible hidráulicoh[En línea]cpor Jesdel Hernández Toscano y José Higinio Ramírez Hernández. aChapingo, Méx. :bEl autor,c2014. aPara ver el contenido del material haga clic en la liga aTesis (Ing. Mecánico Agrícola) -- UACH. Departamento de Ingeniería Mecánica Agrícola14aArado de vertederas14aMaquinaria agrícolaxDiseño.14aMaquinariaxHidráulica.1 aRamírez Hernández, José Higinio aFinding aiduhttp://10.13.5.2/tesis/sist110896.pdfzTeclea aquí